00980nam a22002537a 45000010005000000030006000050050017000110080041000280200018000690400029000870500018001160820010001341000019001442450068001632500047002312600042002783000045003204900058003655050008004235200201004315210029006325210020006616500045006818006FISKH20250818152404.0250818b cb ||||| |||| 00| 0 eng d a9781407531342 aFISKHbengcFISKHdFISKH a PZ7.A38424 P a428.6 aAlfonsi, Alice aStories from East high : bPoetry in Motion /cBy Alice Alfonsi aThis edition published by Parragon in 2008 aBath, New York : bPaRRagon , c2007. a144 pages : billustrations ; c20 cm .  aDisney High School Musical: Stories from East Highv3 aR  aChad doesn't know if he can pull off his English class assignment of reciting an original poem in front of the entire school after remembering his last poetry reading and how embarrassing it was. 8 a700 bLexile estimate 8 aR bRaz-Plus  aHigh School MusicalvChilldren's Fiction